<?xml version="1.0" encoding="UTF-8"?><?xml-stylesheet type="text/xsl" href="static/style.xsl"?><OAI-PMH xmlns="http://www.openarchives.org/OAI/2.0/" xmlns:xsi="http://www.w3.org/2001/XMLSchema-instance" xsi:schemaLocation="http://www.openarchives.org/OAI/2.0/ http://www.openarchives.org/OAI/2.0/OAI-PMH.xsd"><responseDate>2026-04-17T15:17:07Z</responseDate><request verb="GetRecord" identifier="oai:www.recercat.cat:2072/442073" metadataPrefix="marc">https://recercat.cat/oai/request</request><GetRecord><record><header><identifier>oai:recercat.cat:2072/442073</identifier><datestamp>2024-10-31T05:26:15Z</datestamp><setSpec>com_2072_98</setSpec><setSpec>col_2072_378192</setSpec></header><metadata><record xmlns="http://www.loc.gov/MARC21/slim" xmlns:dcterms="http://purl.org/dc/terms/" xmlns:xsi="http://www.w3.org/2001/XMLSchema-instance" xmlns:doc="http://www.lyncode.com/xoai" xsi:schemaLocation="http://www.loc.gov/MARC21/slim http://www.loc.gov/standards/marcxml/schema/MARC21slim.xsd">
   <leader>00925njm 22002777a 4500</leader>
   <datafield ind2=" " ind1=" " tag="042">
      <subfield code="a">dc</subfield>
   </datafield>
   <datafield ind2=" " ind1=" " tag="720">
      <subfield code="a">Ejarque, Daniel</subfield>
      <subfield code="e">author</subfield>
   </datafield>
   <datafield ind2=" " ind1=" " tag="720">
      <subfield code="a">Calvet, Teresa</subfield>
      <subfield code="e">author</subfield>
   </datafield>
   <datafield ind2=" " ind1=" " tag="720">
      <subfield code="a">Font-Bardia, Mercè</subfield>
      <subfield code="e">author</subfield>
   </datafield>
   <datafield ind2=" " ind1=" " tag="720">
      <subfield code="a">Pons Picart, Josefina</subfield>
      <subfield code="e">author</subfield>
   </datafield>
   <datafield ind2=" " ind1=" " tag="260">
      <subfield code="c">2020</subfield>
   </datafield>
   <datafield ind2=" " ind1=" " tag="520">
      <subfield code="a">The synthesis and characterization of one coordination polymer and two trinuclear complexes are presented. The coordination polymer [Zn2(µ-O,O'-ACA)2(ACA)2(4-Phpy)2]n (1) has been obtained by the reaction between Zn(OAc)2·2H2O, α-acetamidocinnamic acid (HACA), and 4-phenylpyridine (4-Phpy) using EtOH as solvent. Its recrystallization in CH3CN or EtOH yields two trinuclear complexes, both having pinwheel arrays with formulas [Zn3(µ-ACA)6(4-Phpy)2]·4CH3CN (2·4CH3CN) and [Zn3(µ-ACA)6(EtOH)2]·4EtOH (3·4EtOH), respectively. These trinuclear species, unavoidably lose their solvent co-crystallized molecules at RT yielding the complexes [Zn3(µ-ACA)6(4-Phpy)2] (2) and [Zn3(µ-ACA)6(EtOH)2] (3). In addition, compound 2 has also been obtained reacting Zn(OAc)2·2H2O, HACA, and 4-Phpy in a 1:2:2 ratio using CH3CN as solvent. Compounds 1-3 have been characterized by analytical and spectroscopic techniques. Furthermore, single crystals suitable for X-ray diffraction method for compounds 1, 2·4CH3CN, and 3·4EtOH were obtained and their supramolecular interactions have been studied and discussed, showing 2D supramolecular planes for the trinuclear complexes and a 3D supramolecular network for the coordination polymer. Finally, the supramolecular interactions of 2·4CH3CN and 3·4EtOH have been compared using Hirshfeld surface analysis and electrostatic potential calculations.</subfield>
   </datafield>
   <datafield tag="653" ind2=" " ind1=" ">
      <subfield code="a">Zn(II)</subfield>
   </datafield>
   <datafield tag="653" ind2=" " ind1=" ">
      <subfield code="a">A-acetamidocinnamic acid</subfield>
   </datafield>
   <datafield tag="653" ind2=" " ind1=" ">
      <subfield code="a">Coordination polymerTtrinuclear complexes</subfield>
   </datafield>
   <datafield tag="653" ind2=" " ind1=" ">
      <subfield code="a">Secondary building unit</subfield>
   </datafield>
   <datafield tag="653" ind2=" " ind1=" ">
      <subfield code="a">X-ray crystal structures</subfield>
   </datafield>
   <datafield tag="653" ind2=" " ind1=" ">
      <subfield code="a">Hirshfeld surface analysis</subfield>
   </datafield>
   <datafield tag="653" ind2=" " ind1=" ">
      <subfield code="a">Electrostatic surface potential</subfield>
   </datafield>
   <datafield ind2="0" ind1="0" tag="245">
      <subfield code="a">Construction of Zn(II) Linear Trinuclear Secondary Building Units from A Coordination Polymer Based on α-Acetamidocinnamic Acid and 4-Phenylpyridine</subfield>
   </datafield>
</record></metadata></record></GetRecord></OAI-PMH>